| 000 | 00566nac a22002051u 4500 | ||
|---|---|---|---|
| 003 | EG-ScBUE | ||
| 005 | 20221016120841.0 | ||
| 008 | 221016s2004 ko a f 000 0 eng d | ||
| 020 | _a8957700595 | ||
| 020 | _a895770017 | ||
| 040 |
_aEG-ScBUE _beng _erda _cEG-ScBUE _dEG-ScBUE |
||
| 082 | 0 | 4 |
_a720.5 _bPRO _222 |
| 245 | 0 | 0 | _aPro architect. |
| 264 | 1 |
_aSeoul, South Korea : _bArchiworld, _c2004. |
|
| 300 |
_a133 pages : _bcolor illustrations ; _c30 cm |
||
| 650 | 7 |
_aArchitecture _vPeriodicals _2BUEsh |
|
| 653 | _bENGARC | ||
| 655 | _vReading book | ||
| 942 |
_cBB _2ddc |
||
| 999 |
_c3533 _d3533 |
||